Selected papers from the 16th international conference on electrical machines (ICEM 2004)

Bibliographic Details
Corporate Author: ProQuest (Firm)
Other Authors: Wiak, S., Dems, M., Komeza, K.
Format: Electronic eBook
Language:English
Published: Bradford, England : Emerald Group Publishing, c2006.
Series:COMPEL, the international journal for computation and mathematics in electrical and electronic engineering ; v.25, no. 2
Subjects:
Online Access:Click to View
LEADER 01412nam a2200349Ia 4500
001 EBC267424
003 MiAaPQ
005 20200520144314.0
006 m o d |
007 cr cn|||||||||
008 000815s2006 enk s 000 0 eng d
020 |z 1845449282 
035 |a (MiAaPQ)EBC267424 
035 |a (Au-PeEL)EBL267424 
035 |a (CaPaEBR)ebr10132669 
035 |a (CaONFJC)MIL54717 
035 |a (OCoLC)936834335 
040 |a MiAaPQ  |c MiAaPQ  |d MiAaPQ 
050 4 |a TK145  |b .S45 2006 
245 0 0 |a Selected papers from the 16th international conference on electrical machines (ICEM 2004)  |h [electronic resource] /  |c guest editor Professor S. Wiak; co-editors M. Dems and K. Komeza. 
260 |a Bradford, England :  |b Emerald Group Publishing,  |c c2006. 
300 |a 276 p. 
490 0 |a COMPEL, the international journal for computation and mathematics in electrical and electronic engineering ;  |v v.25, no. 2 
533 |a Electronic reproduction. Ann Arbor, MI : ProQuest, 2015. Available via World Wide Web. Access may be limited to ProQuest affiliated libraries. 
650 0 |a Electrical engineering  |x Mathematics. 
650 0 |a Electronics  |x Mathematics. 
655 4 |a Electronic books. 
700 1 |a Wiak, S. 
700 1 |a Dems, M. 
700 1 |a Komeza, K. 
710 2 |a ProQuest (Firm) 
856 4 0 |u https://ebookcentral.proquest.com/lib/matrademy/detail.action?docID=267424  |z Click to View